| 000 | 00581nam a2200181Ia 4500 | ||
|---|---|---|---|
| 003 | OSt | ||
| 005 | 20201006105957.0 | ||
| 008 | 190216s9999||||xx |||||||||||||| ||und|| | ||
| 020 | _a9780071135320 | ||
| 040 | _coclc | ||
| 082 |
_a005.133 _bMAY/T |
||
| 100 |
_aMayo, William E _95345 |
||
| 245 | 0 |
_aTheory And Problems Of Programming With Fortran 77 / _cWilliam E Mayo ; Martin Cwiakala |
|
| 260 |
_bMcgraw-Hill International Edition, _c1995. _aNew York: |
||
| 300 | _a346p | ||
| 650 | _aComputer Science | ||
| 942 |
_cBK _2ddc _h005.133 _iMAY/T _k005.133 _mMAY/T |
||
| 999 |
_c8656 _d8656 |
||